| 000 | 00470nam a2200205Ia 4500 | ||
|---|---|---|---|
| 003 | OSt | ||
| 005 | 20221005115707.0 | ||
| 006 | a|||||r|||| 00| 0 | ||
| 007 | ta | ||
| 008 | 221004b |||||||| |||| 00| 0 eng d | ||
| 024 | _a120633 | ||
| 037 | _cTextual | ||
| 040 |
_aCRL _cCRL _beng |
||
| 041 |
_2eng _aeng |
||
| 100 |
_aMulla D F _9346075 |
||
| 245 | 0 | _aCode of civil procedure | |
| 650 | _aLAW | ||
| 942 |
_cTEXL _2cc |
||
| 999 |
_c1035632 _d1035632 |
||